HUMAN ANATOMY & PHYSIOLOGY PRACTICAL MANUAL (Record no. 23842)

MARC details
000 -LEADER
fixed length control field 00412nam a22001697a 4500
003 - CONTROL NUMBER IDENTIFIER
control field SGT
020 ## - INTERNATIONAL STANDARD BOOK NUMBER
International Standard Book Number 938426671X
082 ## - DEWEY DECIMAL CLASSIFICATION NUMBER
Classification number 611
Item number H22M
100 ## - MAIN ENTRY--PERSONAL NAME
Personal name MARATHA, SUSHMA
245 ## - TITLE STATEMENT
Title HUMAN ANATOMY & PHYSIOLOGY PRACTICAL MANUAL
250 ## - EDITION STATEMENT
Edition statement 1ST
260 ## - PUBLICATION, DISTRIBUTION, ETC. (IMPRINT)
Place of publication, distribution, etc DELHI
Name of publisher, distributor, etc BIRLA PUB.
Year of Publication 2022
300 ## - PAGE DESCRIPTION
No. of Pages 108
650 ## - SUBJECT ADDED ENTRY--TOPICAL TERM
Topical term or geographic name as entry element ANATOMY & PHYSIOLOGY
653 ## - KEYWORDS--INDEX TERM
Keyword term ANATOMY , PHYSIOLOGY , HUMAN ANATOMY
942 ## - ADDED ENTRY ELEMENTS (KOHA)
Source of classification or shelving scheme Dewey Decimal Classification
Koha item type Books
Holdings
Withdrawn status Lost status Source of classification or shelving scheme Damaged status Use restrictions Not for loan Collection code Home library Current library Shelving location Date acquired Vendor Name Cost, normal purchase price Volume Information (Serial or Books or Non-Book Material) SGTU Full call number Accession No. (Barcode) Date last seen Bill Date Koha item type
    Dewey Decimal Classification   Restricted Access   PHARMACY SGT FA-FP Library SGT FA-FP Library Reference Book 13/03/2023 SGT UNIVERSITY 150.00 2 SGTU 611 H22M FP4605 13/03/2023 13/03/2023 Books